00505nam a2200229Ia 4500003000900000008004100009040001300050040001300063041000800076100001400084100001000098245005200108250001200160260001400172260000900186300001100195300001200206490001600218490000600234700001400240700002100254IT-RoPAU120407s9999 xx 000 0 und d aIT-RoPAU cIT-RoPAU aita aKarl Marx ccoll. aMaterialismo dialettico e materialismo storico. aBrescia aLa Scuola c1962 a268 p. c20,5 cm aIl Pensiero v1 aKarl Marx aLudwig Feuerbach